000 00566nam a22001697a 4500
003 OSt
005 20260319092949.0
008 260319b |||||||| |||| 00| 0 eng d
040 _cMRSPTU
041 _aEnglish
100 _aNaman Verma, Supervisor: Dr. Ashish Baldi
245 _aDevelopment and Characterization of Saroglitazar-Loaded Chitosan Nanoparticles
260 _bDepartment of Pharmacy, MRSPTU, Bathinda
_c2025
650 _aPharmaceutical Sciences and Technolgy
856 _uhttp://163.47.215.52:8080/jspui/handle/123456789/958
942 _2ddc
_cTH
_n0
999 _c11187
_d11187